Les noms d'oiseaux par lettres -Pi à Py - Statistiques

Statistiques générales
  • Ce quiz a été pris 63 fois
  • Le résultat moyen est 18 sur 69
Statistiques - réponses
Par images Réponse % Correct
Pic
100%
Pie
100%
Pigeon
100%
Poule
100%
Pingouin
91%
Pinson
91%
Pintade
89%
Poule d'eau
84%
Pygargue
82%
Plongeon
66%
Pluvier
64%
Pie-grièche
55%
Pipit
52%
Pouillot
50%
Puffin
48%
Porte-éventail
45%
Piauhau
43%
Piaye
43%
Piqueboeuf
43%
Pionne
41%
Piranga
41%
Pithécophage
41%
Podarge
41%
Pirolle
39%
Porte-lance
39%
Porte-traîne
39%
Psittacule
32%
Picumne
30%
Platyrhynque
30%
Pluvian
27%
Poulette
27%
Pluvianelle / Pluvianeau
14%
Pipromorphe
11%
Plectrophane
9%
Prion
7%
Pitohui
5%
Ptilope
5%
Picatharte
2%
Picotelle
2%
Polochion
2%
Pomatostome
2%
Prinia
2%
Promérops
2%
Pseudolangrayen
2%
Pseudosittine
2%
Psittrichas
2%
Piapiac
0%
Picchion
0%
Picerthie
0%
Piézorin
0%
Piopio
0%
Piprite
0%
Piquebaie
0%
Pique-orange
0%
Pittasome
0%
Pleureur
0%
Podoce
0%
Poliolaïs
0%
Pomatorhin
0%
Pririt
0%
Pseudalcippe
0%
Pseudobrève
0%
Pseudotraquet
0%
Psittirostre
0%
Psophode
0%
Ptilopgon
0%
Pycnoptile
0%
Pyréneste
0%
Pyrrhoplecte
0%
Aucun quiz correspondant
Distribution des résultats
% des personnes avec chaque résultat
Percentile par nombre de réponses
Votre historique - résultats
Vous n’avez pas pris ce quiz